Statistics for Hazards and Benefits of Volcanic Activity Essay Part 1

Click here to take the quiz!

General Stats

  • This quiz has been taken 4 times
  • The average score is 8 of 24

Answer Stats

HintAnswer% Correct
social__% of the snow cap10
100%
socialwere killed by a _______ flow.pyroclastic
100%
socialwhen __m deep50
75%
socialIn 19__85
75%
social_____ formed whenlahars
75%
socialIn August ____1986
50%
socialat Lake ____Nyos
50%
socialover ____ people died1700
25%
socialDuring the ____ eruption1902
25%
social_____ people died23000
25%
socialover _____ inhabitants29000
25%
socialThe 19__91
25%
socialat ______Armero
25%
socialbecause a huge ______ caused their houses to collapse and buried their farmland.ashfall
25%
socialof __________ poisoning.carbon dioxide
25%
socialOther social impacts include ________homelessness
25%
socialof ___________ meltedNevada del Ruiz
25%
socialof Mount _____Pelee
25%
socialin the town of ______St Pierre
25%
socialdisplaced over ______ people100000
0%
socialThe ____ people had to abandon their mountain forest homes on the slopes...Aeta
0%
socialMount ______ eruptionPinatobu
0%
socialdue to a __________pyroclastic flow
0%
socialand _________________.refugee movements
0%

Score Distribution

Percentile by Number Answered

Percent of People with Each Score

Your Score History

You have not taken this quiz